Толковый словарь англоязычных терминов по нечеткому управлению: около 1500 терминов

Bibliografiske detaljer
Hovedforfatter: Нерода В. Я. Вячеслав Яковлевич
Andre forfattere: Проскуряков С. Ф. Сергей Федорович
Summary:Настоящий словарь включает около 1500 англоязычных терминов, используемых в области нечеткого управления и нейронных сетей, с их переводом и толкованием. В конце книги приведен перечень терминов на русском языке. Издание предназначено для переводчиков и для широкого круга инженерно-технических работников, специализирующихся в области контроля и управления технологическими процессами, а также для студентов соответствующих специальностей.
Sprog:russisk
engelsk
Udgivet: Москва, Либроком, 2012
Fag:
Format: MixedMaterials Bog
KOHA link:https://koha.lib.tpu.ru/cgi-bin/koha/opac-detail.pl?biblionumber=219775

MARC

LEADER 00000nam0a2200000 4500
001 219775
005 20231101230301.0
010 |a 9785397032100 
035 |a (RuTPU)RU\TPU\book\239871 
090 |a 219775 
100 |a 20120719d2013 km y0rusy50 ca 
101 0 |a rus  |a eng 
102 |a RU 
105 |a y e 001zy 
200 1 |a Толковый словарь англоязычных терминов по нечеткому управлению  |d Definition dictionfry of english terms on fuzzy control  |e около 1500 терминов  |f В. Я. Нерода, С. Ф. Проскуряков 
210 |a Москва  |c Либроком  |d 2012 
215 |a 200 с. 
320 |a Указатель терминов: с. 171-200. 
330 |a Настоящий словарь включает около 1500 англоязычных терминов, используемых в области нечеткого управления и нейронных сетей, с их переводом и толкованием. В конце книги приведен перечень терминов на русском языке. Издание предназначено для переводчиков и для широкого круга инженерно-технических работников, специализирующихся в области контроля и управления технологическими процессами, а также для студентов соответствующих специальностей. 
510 1 |a Definition dictionfry of english terms on fuzzy control  |z eng 
606 1 |a Английский язык  |x Терминологические словари  |2 stltpush  |3 (RuTPU)RU\TPU\subj\29063  |9 52475 
610 1 |a нейронные сети 
610 1 |a нечеткое управление 
610 1 |a толковые словари 
610 1 |a термины 
610 1 |a понятия 
610 1 |a англо-русские словари 
610 1 |a профессиональный английский язык 
686 |a Ш143.21-43  |v LBC/SL-A  |2 rubbk 
700 1 |a Нерода  |b В. Я.  |g Вячеслав Яковлевич 
701 1 |a Проскуряков  |b С. Ф.  |g Сергей Федорович 
801 1 |a RU  |b 63413507  |c 20120719 
801 2 |a RU  |b 63413507  |c 20121221  |g RCR 
900 |a Английский язык 
942 |c BK 
959 |a 63/20120420  |d 1  |e 285,00  |f ЧЗИЛ:1